Language Quiz

Random Language or Letter Quiz
Score 0/30 Timer 05:00
0 Plays Today
% Correct
rough
83.7%
tough
83.5%
bough
83.3%
cough
77.8%
dough
69.8%
though
63.6%
bought
60.2%
trough
59.4%
brought
59.2%
caught
55%
sough
52.7%
laugh
52.4%
fought
52.3%
thought
51.5%
ought
48.6%
% Correct
through
48.1%
slough
47.1%
sought
44.8%
drought
44.3%
ugh
41.9%
naught
41.8%
aught
41.5%
plough
40.8%
nought
40.7%
taught
39.7%
draught
36.8%
fraught
35.1%
wrought
32.4%
faugh
21.4%
chough
17.6%

You're not logged in!

Compare scores with friends on all Sporcle quizzes.
OR
Log In

Sporcle TV

Today on Sporcle TV


Watch our educational content, quiz creation guides, and fun videos on Sporcle TV.

Show Comments

Extras

Top Quizzes Today


Score Distribution

Paid Content

Your Account Isn't Verified!

In order to create a playlist on Sporcle, you need to verify the email address you used during registration. Go to your Sporcle Settings to finish the process.

Report this User

Report this user for behavior that violates our Community Guidelines.

Details: